Statistics for The 50 Richest Countries in the World

Click here to take the quiz!

General Stats

  • This quiz has been taken 246 times
    (109 since last reset)
  • The average score is 38 of 50

Answer Stats

Nr.AnswerGDP per capita% Correct
10United States$ 67,426
94%
1Qatar$ 138,910
89%
27United Kingdom$ 48,196
89%
20Canada$ 52,144
89%
17Germany$ 55,306
89%
33Italy$ 41,582
88%
9Switzerland$ 67,558
88%
15Sweden$ 55,989
88%
14Saudi Arabia$ 56,912
87%
30Spain$ 43,007
87%
6Norway$ 79,638
87%
41Poland$ 35,651
87%
2Luxembourg$ 112,045
86%
25France$ 48,640
86%
24Finland$ 49,548
85%
18Austria$ 55,171
85%
12Netherlands$ 60,299
84%
28Japan$ 46,829
84%
3Singapore$ 105,689
84%
19Australia$ 54,799
84%
7United Arab Emirates$ 70,441
84%
22Belgium$ 50,904
81%
42Portugal$ 34,936
80%
38Slovakia$ 38,321
80%
34Czech Republic$ 40,585
80%
16Denmark$ 55,675
80%
4Ireland$ 86,988
80%
29South Korea$ 46,452
79%
49Greece$ 31,616
79%
35Slovenia$ 40,344
79%
13Iceland$ 56,974
78%
39Estonia$ 37,606
76%
36Israel$ 40,337
76%
50Russia$ 30,820
76%
32New Zealand$ 42,045
76%
37Lithuania$ 38,751
74%
47Latvia$ 32,987
74%
21Bahrain$ 51,991
73%
8Kuwait$ 67,891
73%
40Hungary$ 35,941
71%
26Oman$ 48,593
68%
11San Marino$ 62,913
67%
43Malaysia$ 34,567
65%
23Malta$ 49,589
64%
5Brunei$ 85,011
60%
31Cyprus$ 42,956
53%
45The Bahamas$ 33,432
49%
46Seychelles$ 33,118
31%
44Trinidad and Tobago$ 33,713
25%
48Saint Kitts and Nevis$ 31,950
15%

Score Distribution

Percentile by Number Answered

Percent of People with Each Score

Your Score History

You have not taken this quiz since the last reset